Ultimate State Symbols Quiz - Statistics

General Stats
  • This quiz has been taken 3 times
  • The average score is 92 of 200
Answer Stats
Hint Answer % Correct
American elm
100%
Cherokee rose
100%
Douglas fir
100%
Louisiana Eastern brown pelican
100%
Eastern white pine
100%
Keystone State
100%
Loblolly pine
100%
Longleaf pine
100%
Magnolia
100%
Magnolia State
100%
Mountain State
100%
Illinois | Indiana | Kentucky | +4 others Northern cardinal
100%
Northern red oak
100%
Oak
100%
Oklahoma rose
100%
Peach blossom
100%
Peach State
100%
Pelican State
100%
Pine
100%
Piñon pine
100%
Ponderosa pine
100%
Red pine
100%
Rose
100%
Sego lily
100%
Single-leaf pinyon | Great Basin bristlecone pine
100%
Southern live oak
100%
Southern magnolia
100%
Sunflower
100%
Sunflower State
100%
Sunshine State
100%
The Bay State
100%
The First State
100%
The Great Lakes State | The Wolverine State
100%
Tulip poplar
100%
Tulip tree
100%
Western white pine
100%
White oak
100%
White pine cone and tassel
100%
Wild prairie rose
100%
Wild rose
100%
Aloha State
67%
Connecticut | Michigan | Wisconsin American robin
67%
American white birch
67%
Badger State
67%
Bald cypress
67%
Beehive State
67%
Black Hills spruce
67%
Bluegrass State
67%
California poppy
67%
Centennial State
67%
Coast redwood | Giant sequoia
67%
Colorado blue spruce
67%
Constitution State
67%
Empire State
67%
Gem State
67%
Granite State
67%
Green Mountain State
67%
Hawkeye State
67%
Hoosier State
67%
Land of Enchantment
67%
Lone Star State
67%
Arkansas | Florida | Mississippi | +2 others Northern mockingbird
67%
Ocean State
67%
Ohio buckeye
67%
Prairie State
67%
Purple lilac
67%
Silver State
67%
Sitka spruce
67%
Sooner State
67%
Tar Heel State
67%
The Golden State
67%
The Last Frontier
67%
Alaska Willow ptarmigan
67%
Apple blossom
33%
Beaver State
33%
Bluebonnet
33%
Delaware Blue Hen Chicken
33%
Buckeye State
33%
California California quail
33%
Camellia
33%
Coast rhododendron
33%
Colorado blue columbine
33%
Cornhusker State
33%
Missouri | New York Eastern bluebird
33%
Iowa | New Jersey Eastern goldfinch
33%
Equality State
33%
Free State | Old Line State
33%
Goldenrod
33%
Grand Canyon State
33%
Hawthorn
33%
Idaho | Nevada Mountain bluebird
33%
Orange blossom
33%
Palmetto State
33%
Peony
33%
Pine Tree State
33%
New Hampshire Purple finch
33%
Red clover
33%
Red maple
33%
Rhode Island Rhode Island Red
33%
Rhododendron
33%
South Dakota Ring-necked pheasant
33%
Sabal palm
33%
Saguaro cactus blossom
33%
Show-Me State
33%
Sugar maple
33%
Syringa
33%
The Natural State
33%
The Old Dominion
33%
Treasure State
33%
Volunteer State
33%
Washington Willow goldfinch
33%
American dogwood
0%
American holly
0%
Apple blossom
0%
Maryland Baltimore oriole
0%
Biterroot
0%
Massachusetts Black-capped chickadee
0%
Black-eyed susan
0%
Blue palo verde
0%
Georgia Brown thrasher
0%
Arizona Cactus wren
0%
Utah California gull
0%
Candlenut tree
0%
South Carolina Carolina wren
0%
Maine Chickadee
0%
Minnesota Common loon
0%
Eastern cottonwood
0%
Eastern hemlock
0%
Eastern redbud
0%
Eastern white pine
0%
Evergreen State
0%
Flowering dogwood
0%
Forget-me-not
0%
Garden State | The Cornerstone State
0%
New Mexico Greater roadrunner
0%
Hawaiian hibiscus
0%
Vermont Hermit thrush
0%
Indian paintbrush
0%
Iris
0%
Land of 10,000 Lakes
0%
Colorado Lark bunting
0%
Mayflower
0%
Mountain laurel
0%
Hawaii Nene
0%
Oregon grape
0%
Pasque flower
0%
Peace Garden State
0%
Pecan
0%
Pink and white lady's slipper
0%
Plains cottonwood
0%
Quaking aspen
0%
Pennsylvania Ruffed grouse
0%
Sagebrush
0%
Scarlet carnation
0%
Oklahoma Scissor-tail flycatcher
0%
The Mount Rushmore State
0%
Violet
0%
Western hemlock
0%
Kansas | Montana | Nebraska | +3 others Western meadowlark
0%
Wood violet
0%
Alabama Yellowhammer
0%
Yellowhammer State
0%
Yellow jessamine
0%
Yucca flower
0%
No matching quizzes found
Score Distribution
Percent of People with Each Score
Percentile by Number Answered
Your Score History
You have not taken this quiz